Николай Коперник (Запись № 8207376)

Подробности
000 -МАРКЕР
контрольное поле 03517nam0a22003611 4500
001 - ИДЕНТИФИКАТОР ЗАПИСИ
контрольное поле rc\3964684
005 - ИДЕНТИФИКАТОР ВЕРСИИ
контрольное поле 20260406121745.0
021 ## - НОМЕР ГОСУДАРСТВЕННОЙ РЕГИСТРАЦИИ
Код страны российская федерация
Номер [56-13829]
035 ## - ДРУГИЕ СИСТЕМНЫЕ НОМЕРА
Идентификатор записи (NLR Aleph) 007929175
100 ## - ДАННЫЕ ОБЩЕЙ ОБРАБОТКИ
Данные общей обработки 20130415d1955 |||y0rusy50 ca
101 0# - ЯЗЫК РЕСУРСА
Язык текста, звукозаписи и т.д. русский
102 ## - СТРАНА ПУБЛИКАЦИИ ИЛИ ПРОИЗВОДСТВА
Страна публикации российская федерация
105 ## - ПОЛЕ КОДИРОВАННЫХ ДАННЫХ: ТЕКСТОВЫЕ МАТЕРИАЛЫ, МОНОГРАФИЧЕСКИЕ
Кодированные данные о монографическом текстовом документе ab z |||||
200 1# - ЗАГЛАВИЕ И СВЕДЕНИЯ ОБ ОТВЕТСТВЕННОСТИ
Основное заглавие Николай Коперник
Сведения, относящиеся к заглавию Сборник статей и материалов
-- К 410-летию со дня смерти (1543-1953)
Первые сведения об ответственности [Отв. ред. проф. Б.В. Кукарин]
Последующие сведения об ответственности Акад. наук СССР. Астрон. совет
210 ## - ПУБЛИКАЦИЯ, РАСПРОСТРАНЕНИЕ И ДР.
Место издания, распространения и т.д. Москва
Имя издателя, распространителя и т. д. Изд-во Акад. Наук СССР
Дата издания, распространения и т.д. 1955
215 ## - ФИЗИЧЕСКАЯ ХАРАКТЕРИСТИКА
Специфическое обозначение материала и объем 112 с.
Другие сведения о физической характеристике ил., карт.
Размеры 22
320 ## - ПРИМЕЧАНИЯ О НАЛИЧИИ В ДОКУМЕНТЕ БИБЛИОГРАФИИ / УКАЗАТЕЛЯ
Текст примечания "Науч. труды Коперника" и литература о нем, с. 91-111, и библиогр., с. 88-89
327 1# - ПРИМЕЧАНИЯ О СОДЕРЖАНИИ
Текст примечания Содерж.: Вступительное слово на торжеств. заседании 3 июня 1953 г. / Акад. А.Н. Несмеянов. Николай Коперник, его жизнь и творчество / Чл.-кор. АН СССР А.А. Михайлов. Эпоха Коперника / Б.Ф. Поршнев. Система Коперника и система Птолемея в свете соврем. теории тяготения / Акад. В.А. Фок. Инженерные работы Николая Коперника / Ф.Я. Нестерук. Выставка "Николай Коперник" (к 410-летию со дня смерти) / Н.Н. Дейкова
464 #0 - АНАЛИТИЧЕСКИЙ УРОВЕНЬ
Встроенное поле 2001#$aЭпоха Коперника
-- 700#1$aПоршнев$bБ.Ф.
Заглавие Эпоха Коперника
Автор Поршнев, Б.Ф.
464 #0 - АНАЛИТИЧЕСКИЙ УРОВЕНЬ
Встроенное поле 2001#$aИнженерные работы Николая Коперника
-- 700#1$aНестерук$bФ.Я.
Заглавие Инженерные работы Николая Коперника
Автор Нестерук, Ф.Я.
464 #0 - АНАЛИТИЧЕСКИЙ УРОВЕНЬ
Встроенное поле 2001#$aВыставка "Николай Коперник" (к 410-летию со дня смерти)
-- 700#1$aДейкова$bН.Н.
Заглавие Выставка "Николай Коперник" (к 410-летию со дня смерти)
Автор Дейкова, Н.Н.
464 #0 - АНАЛИТИЧЕСКИЙ УРОВЕНЬ
Встроенное поле 2001#$aВступительное слово на торжественном заседании 3 июня 1953 г.$fАкад. А.Н. Несмеянов
-- 700#1$aНесмеянов$bА.Н.
Заглавие Вступительное слово на торжественном заседании 3 июня 1953 г.
Автор Несмеянов, А.Н.
464 #0 - АНАЛИТИЧЕСКИЙ УРОВЕНЬ
Встроенное поле 2001#$aСистема Коперника и система Птолемея в свете современной теории тяготения$fАкад. В.А. Фок
-- 700#1$aФок$bВ.А.
Заглавие Система Коперника и система Птолемея в свете современной теории тяготения
Автор Фок, В.А.
464 #0 - АНАЛИТИЧЕСКИЙ УРОВЕНЬ
Встроенное поле 2001#$aНиколай Коперник, его жизнь и творчество$fЧл.-кор. АН СССР А.А. Михайлов
-- 700#1$aМихайлов$bА.А.
Заглавие Николай Коперник, его жизнь и творчество
Автор Михайлов, А.А.
702 #1 - ИМЯ ЛИЦА - ВТОРИЧНАЯ ОТВЕТСТВЕННОСТЬ
Начальный элемент ввода Кукаркин
Часть имени, кроме начального элемента ввода Б.В.
Расширение инициалов личного имени Борис Васильевич
Код отношения Редактор
712 02 - НАИМЕНОВАНИЕ ОРГАНИЗАЦИИ - ВТОРИЧНАЯ ОТВЕТСТВЕННОСТЬ
Начальный элемент ввода АН СССР
Структурное подразделение Астрономический совет
Идентификатор авторитетной/нормативной записи RU\NLR\AUTH\8814378
Системный номер авторитетной/нормативной записи 301925
801 #0 - ИСТОЧНИК ЗАПИСИ
Страна российская федерация
Организация NLR
Правила каталогизации psbo
801 #1 - ИСТОЧНИК ЗАПИСИ
Страна российская федерация
Организация ELAR
Источник данных rusmarc
852 ## - МЕСТОНАХОЖДЕНИЕ И ШИФР ХРАНЕНИЯ
Идентификатор организации NLR
Шифр хранения (Call Number) А02 Г-5/114
942 ## - ДОПОЛНИТЕЛЬНЫЕ ЭЛЕМЕНТЫ ЗАПИСИ (АБИС)
Тип экземпляра АБИС Книга
980 ## - КОЛЛЕКЦИЯ
Название коллекции Национальная библиография
Экземпляры
Тип экземпляра Дата поступления Библиотека постоянного хранения Библиотека текущего хранения Место хранения Шифр хранения Штрих-код Статус не для выдачи
Книга 26.10.2013 РНБ (Садовая) РНБ (Садовая) Русский книжный фонд -Главное здание, Ленинский читальный зал А02 Г-5/114 7929175-10